000 003060000a22001090004500
082 0 4 _aCD 089
245 1 0 _aEnciclopedia Colombia a su alcance / dirección editorial, Gabriel Iriarte Núñez
260 _aBogotá : Espasa
650 1 4 _aColombia - Historia - Enciclopedia- Cd-rom
001 1713
942 _cLGB
999 _c48871
_d48871